[Event "Edinburgh Park op"]
[Site "Edinburgh"]
[Date "2023.03.04"]
[Round "1"]
[White "Chisholm, Mike"]
[Black "Srivastava, Aditya"]
[Result "1-0"]
[WhiteElo "1840"]
[BlackElo "1569"]
[PlyCount "67"]
[EventDate "2023.03.04"]
[EventType "swiss"]
[EventRounds "5"]
[EventCountry "SCO"]
[SourceTitle "CBM 213 Extra"]
[Source "ChessBase"]
[SourceDate "2023.05.31"]
[SourceVersion "1"]
[SourceVersionDate "2023.05.31"]
[SourceQuality "1"]

1. e4 d6 2. d4 g6 3. Nc3 Nf6 4. Be3 c6 5. Nf3 Nbd7 6. h3 b5 7. Bd3 Qa5 8. 0-0 Nb6 9. e5 Nfd5 10. Nxd5 Nxd5 11. Be4 Be6 12. exd6 exd6 13. Ng5 Bg7 14. Nxe6 fxe6 15. Qg4 Ke7 16. Bxd5 cxd5 17. Bg5+ Kd7 18. Rfe1 Rae8 19. c3 b4 20. Bd2 Qb6 21. Re2 bxc3 22. bxc3 Qb2 23. Rae1 Kc8 24. Rxe6 Rxe6 25. Qxe6+ Kc7 26. Qe7+ Kc6 27. Bf4 Bf8 28. Qe8+ Kc7 29. Qf7+ Kb6 30. Qf6 Rg8 31. Bxd6 Bg7 32. Qe6 Qxc3 33. Rb1+ Ka5 34. Qxd5+ 1-0